000 00708nam a22002297a 4500
010 _a731459
035 _a731459
037 _bCen Lib / Ret
040 _aDPL
_bEn
082 _a016.954
_bGID
100 _aGidwani, N.N.
245 _aA guide to reference materials on India /
_cedited by N N Gidwani [and] K Navalani
260 _aJaipur
_bSaraswati Publicaitons
_c1974
270 _a757, Ashok Chowk
_bJaipur
300 _a(v 1. 680p)
_c27cm(Hb)
650 _aIndia -- Bibliography.
650 _aIndia -- Reference books -- Bibliography.
650 _aIndia -- Library resources.
700 _aGidwani, N. N.
700 _aNavalani, K.
942 _2ddc
_cEN
_h016.954
_mGID
999 _c137035
_d137035